[Event "Mistrzostwa Miedzywojewodzkie WP+ZP 2014 - C13"]
[Site "Zerkow"]
[Date "2014.??.??"]
[Round "1.1"]
[White "Raczynski, Krzysztof"]
[Black "Walkowski, Jonasz"]
[Result "1-0"]
[WhiteElo "1814"]
[BlackElo "1425"]
[PlyCount "71"]
[EventDate "2014.??.??"]

1. e4 e6 2. d4 d5 3. e5 c5 4. c3 Nc6 5. Nf3 Qb6 6. a3 c4 7. Nbd2 Na5 8. g3 Bd7
9. Bh3 Ne7 10. O-O Ng6 11. Ne1 Be7 12. f4 O-O 13. Kh1 f5 14. exf6 Rxf6 15. Ng2
Raf8 16. Ne3 Qd6 17. a4 b6 18. b4 Nc6 19. b5 Na5 20. Ba3 Qc7 21. Bxe7 Nxe7 22.
Ng4 R6f7 23. Ne5 Rf6 24. Ndf3 Ng6 25. Nxd7 Qxd7 26. Re1 h6 27. Ne5 Nxe5 28.
Rxe5 Re8 29. Qg4 Nb7 30. Rae1 Kf7 31. Qh5+ Kf8 32. f5 Nd8 33. fxe6 Nxe6 34.
Rxd5 Qf7 35. Qxf7+ Kxf7 36. Rde5 1-0

[Event "Mistrzostwa Miedzywojewodzkie WP+ZP 2014 - C13"]
[Site "Zerkow"]
[Date "2014.??.??"]
[Round "1.2"]
[White "Bocian, Bartosz"]
[Black "Kubiak, Jakub"]
[Result "0-1"]
[WhiteElo "1400"]
[BlackElo "1705"]
[PlyCount "84"]
[EventDate "2014.??.??"]

1. e4 c5 2. Nc3 d6 3. Bc4 Nf6 4. d3 e6 5. f4 Nc6 6. Nf3 Be7 7. O-O d5 8. exd5
exd5 9. Bb5 O-O 10. Bxc6 bxc6 11. Ne5 Qc7 12. Re1 Bd6 13. Qf3 Re8 14. Qg3 Ba6
15. Bd2 d4 16. Nd1 Nd5 17. Nf2 f6 18. Neg4 Kh8 19. Nh3 Rad8 20. Ngf2 f5 21. Qf3
Nb4 22. Bxb4 cxb4 23. g3 g6 24. Ng5 Qd7 25. h4 h6 26. Ngh3 Bb7 27. Nh1 c5 28.
Qf2 Qc6 29. Kh2 Re3 30. Rf1 Rde8 31. Qg1 c4 32. dxc4 Qxc4 33. Rae1 Qxc2+ 34.
N1f2 Qxb2 35. Rxe3 dxe3 36. Re1 Re7 37. Rb1 Qxa2 38. Ra1 exf2 39. Nxf2 Qe2 40.
Rd1 Bc5 41. Rd8+ Kg7 42. Qa1+ Kf7 0-1

[Event "Mistrzostwa Miedzywojewodzkie WP+ZP 2014 - C13"]
[Site "Zerkow"]
[Date "2014.??.??"]
[Round "1.3"]
[White "Leskiewicz, Ignacy"]
[Black "Rucinski, Jedrzej"]
[Result "1-0"]
[WhiteElo "1702"]
[BlackElo "1396"]
[PlyCount "51"]
[EventDate "2014.??.??"]

1. e4 c5 2. Nf3 d6 3. d4 cxd4 4. Nxd4 Nf6 5. Nc3 e6 6. Be3 a6 7. f3 Be7 8. Qd2
O-O 9. g4 Ne8 10. O-O-O Nc6 11. Nb3 b5 12. g5 e5 13. h4 Be6 14. Nd5 Rc8 15. Bd3
Nc7 16. Bb6 Bxd5 17. exd5 Nb8 18. Bf5 Nd7 19. Ba5 g6 20. Bh3 Rb8 21. f4 exf4
22. Rhe1 Re8 23. Nd4 Rb7 24. Nc6 Qc8 25. Rxe7 Kf8 26. Bxd7 1-0

[Event "Mistrzostwa Miedzywojewodzkie WP+ZP 2014 - C13"]
[Site "Zerkow"]
[Date "2014.??.??"]
[Round "1.4"]
[White "Sniezek, Kacper"]
[Black "Dabrowski, Damian"]
[Result "1/2-1/2"]
[WhiteElo "1389"]
[BlackElo "1632"]
[PlyCount "109"]
[EventDate "2014.??.??"]

1. c4 c5 2. Nc3 Nc6 3. g3 g6 4. Bg2 Bg7 5. Nf3 e5 6. d3 Nge7 7. O-O O-O 8. Be3
d6 9. Qc1 Nf5 10. a3 a5 11. Rb1 Be6 12. Ng5 Qe7 13. Nxe6 fxe6 14. Bd2 Nfd4 15.
Qd1 Rf7 16. e3 Nf5 17. Nb5 Qd7 18. Qc2 Rff8 19. b4 axb4 20. axb4 b6 21. Qb3
Nfe7 22. Na3 Rfc8 23. b5 Na5 24. Bxa5 Rxa5 25. Nc2 Rc7 26. Ra1 Rca7 27. Qc3 d5
28. Rxa5 Rxa5 29. Bh3 Qd6 30. e4 d4 31. Qb2 Bh6 32. Ne1 Kf7 33. Ng2 Bg7 34. f4
Kg8 35. fxe5 Qxe5 36. Qf2 Kh8 37. Qf7 Ng8 38. Bxe6 Ra8 39. Bd5 Rf8 40. Qb7
Rxf1+ 41. Kxf1 Qf6+ 42. Ke2 Bh6 43. Bxg8 Kxg8 44. Qc6 Qg5 45. Qd5+ Kg7 46. Qxg5
Bxg5 47. Kf3 Kf7 48. Nf4 Bd8 49. Nd5 Ke6 50. Kf4 h5 51. g4 g5+ 52. Kf3 h4 53.
h3 Ke5 54. Ke2 Ke6 55. Kf2 1/2-1/2

[Event "Mistrzostwa Miedzywojewodzkie WP+ZP 2014 - C13"]
[Site "Zerkow"]
[Date "2014.??.??"]
[Round "1.5"]
[White "Pijewski, Milosz"]
[Black "Kaminski, Antoni"]
[Result "1-0"]
[WhiteElo "1528"]
[BlackElo "1323"]
[PlyCount "71"]
[EventDate "2014.??.??"]

1. e4 c5 2. Nf3 g6 3. d4 cxd4 4. Nxd4 Nc6 5. Be3 Nf6 6. Nc3 Bg7 7. Be2 O-O 8.
O-O d5 9. exd5 Nxd5 10. Nxd5 Qxd5 11. Bf3 Qc4 12. Nxc6 bxc6 13. b3 Qe6 14. Rc1
a5 15. Re1 Qd7 16. Qxd7 Bxd7 17. Bc5 Rfe8 18. Rxe7 Rxe7 19. Bxe7 Re8 20. Bc5
Bb2 21. Rd1 Bf5 22. Be3 c5 23. c4 Bd4 24. Bd2 Be4 25. Bxe4 Rxe4 26. Re1 Rxe1+
27. Bxe1 Kf8 28. Bxa5 Ke7 29. Bd2 Ke6 30. Be3 Bxe3 31. fxe3 Kd6 32. Kf2 Kc6 33.
a4 Kb6 34. Ke2 Ka5 35. Kd3 Kb4 36. Ke4 1-0

[Event "Mistrzostwa Miedzywojewodzkie WP+ZP 2014 - C13"]
[Site "Zerkow"]
[Date "2014.??.??"]
[Round "1.6"]
[White "Dixa, Wiktor"]
[Black "Niemier, Hubert"]
[Result "0-1"]
[WhiteElo "1187"]
[BlackElo "1509"]
[PlyCount "84"]
[EventDate "2014.??.??"]

1. e4 c6 2. d4 d5 3. exd5 cxd5 4. Nc3 Nc6 5. h3 Nf6 6. Be3 Bf5 7. Bd3 Bxd3 8.
Qxd3 e6 9. a3 a6 10. Nf3 Bd6 11. O-O O-O 12. Rfe1 Re8 13. Rad1 Na5 14. Nd2 b5
15. Bg5 Nc4 16. Nxc4 bxc4 17. Qf3 Rb8 18. Rb1 Be7 19. Qg3 Qa5 20. Bh6 g6 21.
Bg5 Nh5 22. Qg4 Bd6 23. Bd2 Qc7 24. Qe2 Qc6 25. Qf3 Re7 26. Ne2 Reb7 27. Bc3
Bxa3 28. Bd2 Bd6 29. Bc1 Qa4 30. c3 Qa2 31. Bh6 Ra8 32. g4 Ng7 33. Qf6 Bf8 34.
Nf4 Ne8 35. Qh4 Bxh6 36. Qxh6 Rxb2 37. Ra1 Qb3 38. h4 Qxc3 39. h5 Qxd4 40. Nh3
Qxg4+ 41. Kh2 Qxh5 42. Qxh5 gxh5 0-1

[Event "Mistrzostwa Miedzywojewodzkie WP+ZP 2014 - C13"]
[Site "Zerkow"]
[Date "2014.??.??"]
[Round "2.1"]
[White "Niemier, Hubert"]
[Black "Raczynski, Krzysztof"]
[Result "1/2-1/2"]
[WhiteElo "1509"]
[BlackElo "1814"]
[PlyCount "111"]
[EventDate "2014.??.??"]

1. d4 Nf6 2. c4 g6 3. Nc3 Bg7 4. e4 d6 5. Bd3 O-O 6. Nge2 e5 7. d5 a5 8. h3 Na6
9. Bg5 h6 10. Be3 Nc5 11. Bc2 Nh7 12. a3 f5 13. f3 f4 14. Bf2 g5 15. b4 Na6 16.
Rb1 h5 17. Kd2 b6 18. b5 Nb8 19. Qg1 Qf6 20. Bd1 g4 21. hxg4 hxg4 22. Nc1 g3
23. Be1 Qg5 24. Ke2 Rf6 25. Nd3 Bf8 26. Bd2 Be7 27. a4 Nd7 28. Bc1 Ndf8 29. Ba3
Bd7 30. Kd2 Ng6 31. Be2 Kg7 32. Na2 Rh8 33. Rf1 Kf7 34. Nac1 Nh4 35. Ne1 Rh6
36. Ncd3 Qh5 37. Kc2 Ng5 38. Kd1 Qg6 39. Bb2 Bf6 40. Bc1 Qg7 41. Bd2 R8h7 42.
Bxa5 Qh8 43. Rxh4 Rxh4 44. Bxb6 Rh1 45. Qxh1 Rxh1 46. Rxh1 Qxh1 47. Bxc7 Qg1
48. Bxd6 Qd4 49. Nc2 Qg1+ 50. Nce1 Qa7 51. Nb2 Qd4+ 52. Ned3 Qg1+ 53. Ne1 Qd4+
54. Ned3 Qg1+ 55. Ne1 Qd4+ 56. Ned3 1/2-1/2

[Event "Mistrzostwa Miedzywojewodzkie WP+ZP 2014 - C13"]
[Site "Zerkow"]
[Date "2014.??.??"]
[Round "2.2"]
[White "Kubiak, Jakub"]
[Black "Pijewski, Milosz"]
[Result "1-0"]
[WhiteElo "1705"]
[BlackElo "1528"]
[PlyCount "45"]
[EventDate "2014.??.??"]

1. e4 c6 2. d4 d5 3. exd5 cxd5 4. Bf4 e6 5. c3 Nc6 6. Nf3 Bd6 7. Bxd6 Qxd6 8.
Bd3 Nf6 9. O-O O-O 10. Re1 Re8 11. Ne5 Qc7 12. f4 Nxe5 13. fxe5 Nd7 14. Nd2 a6
15. Rf1 Rf8 16. Nf3 Qd8 17. a4 b6 18. Qe1 a5 19. Qg3 g6 20. Ng5 Kg7 21. Rxf7+
Kg8 22. Rxh7 Qe8 23. Qh4 1-0

[Event "Mistrzostwa Miedzywojewodzkie WP+ZP 2014 - C13"]
[Site "Zerkow"]
[Date "2014.??.??"]
[Round "2.3"]
[White "Kukorowski, Jan"]
[Black "Leskiewicz, Ignacy"]
[Result "0-1"]
[WhiteElo "1483"]
[BlackElo "1702"]
[PlyCount "86"]
[EventDate "2014.??.??"]

1. e4 c5 2. Nc3 d6 3. Bb5+ Bd7 4. Bxd7+ Qxd7 5. f4 Nc6 6. Nf3 e6 7. d3 Nge7 8.
O-O g6 9. a3 Bg7 10. Qe1 Nd4 11. Nxd4 cxd4 12. Ne2 Rc8 13. c4 O-O 14. Bd2 Kh8
15. Ng3 f5 16. b3 e5 17. fxe5 dxe5 18. exf5 gxf5 19. Nh5 Ng6 20. Nxg7 Qxg7 21.
Bb4 Rf6 22. Qg3 Rg8 23. Bd2 h6 24. Rae1 f4 25. Qh3 Kh7 26. Rf2 Qf7 27. Kh1 Rf5
28. g3 b6 29. b4 Nf8 30. gxf4 exf4 31. Re7 Qxe7 32. Qxf5+ Ng6 33. Qe4 Qxe4+ 34.
dxe4 Re8 35. Bxf4 Rxe4 36. Bg3 Kg7 37. Rd2 Kf6 38. c5 bxc5 39. bxc5 Ne7 40. Kg2
Ke6 41. Bf2 Kd5 42. Kf3 Nc6 43. Re2 Ne5+ 0-1

[Event "Mistrzostwa Miedzywojewodzkie WP+ZP 2014 - C13"]
[Site "Zerkow"]
[Date "2014.??.??"]
[Round "2.4"]
[White "Dabrowski, Damian"]
[Black "Mietkiewicz, Jacek"]
[Result "1-0"]
[WhiteElo "1632"]
[BlackElo "1501"]
[PlyCount "97"]
[EventDate "2014.??.??"]

1. f4 e5 2. fxe5 d6 3. exd6 Bxd6 4. Nf3 g5 5. g3 g4 6. Nh4 Ne7 7. Bg2 Ng6 8.
Nxg6 hxg6 9. d4 Rxh2 10. Qd3 Rxh1+ 11. Bxh1 c6 12. e4 Qe7 13. e5 Bf5 14. Be4
Bxe4 15. Qxe4 f5 16. Qe3 Bc7 17. Qh6 Qf7 18. Bf4 Nd7 19. Qh8+ Nf8 20. Qh4 Bd8
21. Bg5 Bxg5 22. Qxg5 Ne6 23. Qe3 O-O-O 24. c3 Qh7 25. Nd2 Qh1+ 26. Nf1 g5 27.
O-O-O f4 28. Qf2 Qf3 29. Rd2 Rf8 30. Qxf3 gxf3 31. g4 Rh8 32. Rh2 Rxh2 33. Nxh2
f2 34. Kd2 Kd7 35. Ke2 c5 36. d5 Nc7 37. c4 b5 38. b3 bxc4 39. bxc4 Na6 40. Nf3
Nb4 41. Nxg5 Nd3 42. e6+ Ke7 43. Ne4 f3+ 44. Kf1 Ne5 45. g5 Nxc4 46. g6 Ne3+
47. Kxf2 Nf5 48. a4 c4 49. Kxf3 1-0

[Event "Mistrzostwa Miedzywojewodzkie WP+ZP 2014 - C13"]
[Site "Zerkow"]
[Date "2014.??.??"]
[Round "2.5"]
[White "Walkowski, Jonasz"]
[Black "Sniezek, Kacper"]
[Result "0-1"]
[WhiteElo "1425"]
[BlackElo "1389"]
[PlyCount "74"]
[EventDate "2014.??.??"]

1. Nf3 c5 2. g3 Nc6 3. Bg2 g6 4. O-O Bg7 5. c3 Nf6 6. d4 cxd4 7. Nxd4 O-O 8.
Bf4 Qb6 9. Nxc6 bxc6 10. Qc2 Re8 11. Nd2 Ba6 12. Rfe1 e5 13. Be3 Qc7 14. Nb3 d5
15. Nc5 Bc8 16. Bd2 Nd7 17. Nxd7 Qxd7 18. e4 Ba6 19. Rac1 Rad8 20. c4 dxe4 21.
Ba5 Rb8 22. Qxe4 Re6 23. Bh3 f5 24. Rcd1 Qe7 25. Qd3 Rxb2 26. Qd8+ Qxd8 27.
Rxd8+ Kf7 28. Red1 Bxc4 29. R8d7+ Re7 30. Bd8 Rxd7 31. Rxd7+ Kg8 32. f4 e4 33.
Bg5 h6 34. Rd8+ Kh7 35. Be7 e3 36. Rd7 Rb1+ 37. Kg2 Bd5+ 0-1

[Event "Mistrzostwa Miedzywojewodzkie WP+ZP 2014 - C13"]
[Site "Zerkow"]
[Date "2014.??.??"]
[Round "2.7"]
[White "Rucinski, Jedrzej"]
[Black "Dixa, Wiktor"]
[Result "0-1"]
[WhiteElo "1396"]
[BlackElo "1187"]
[PlyCount "58"]
[EventDate "2014.??.??"]

1. d4 d5 2. c4 c6 3. Nc3 Nf6 4. Nf3 e6 5. Bd2 Be7 6. e3 Nbd7 7. Bd3 dxc4 8.
Bxc4 b5 9. Bb3 O-O 10. O-O Bb7 11. h3 a6 12. Re1 Qc7 13. Bc2 c5 14. Qe2 Qc6 15.
Qd3 Rfd8 16. Qe2 cxd4 17. exd4 b4 18. Ba4 Qb6 19. Nd1 Bxf3 20. Qxf3 Qxd4 21.
Bc1 Nd5 22. Ne3 N7f6 23. Rd1 Qc5 24. Bd2 Rac8 25. Nxd5 Nxd5 26. Rac1 Qd6 27.
Bf4 Qb6 28. Re1 Nxf4 29. Qe4 Qd6 {zapis nieczytelny} 0-1

[Event "Mistrzostwa Miedzywojewodzkie WP+ZP 2014 - C13"]
[Site "Zerkow"]
[Date "2014.??.??"]
[Round "3.1"]
[White "Leskiewicz, Ignacy"]
[Black "Kubiak, Jakub"]
[Result "1/2-1/2"]
[WhiteElo "1702"]
[BlackElo "1705"]
[PlyCount "81"]
[EventDate "2014.??.??"]

1. e4 c5 2. Nf3 d6 3. d4 cxd4 4. Nxd4 Nf6 5. Nc3 a6 6. Bg5 e6 7. f4 h6 8. Bh4
Qb6 9. a3 Nc6 10. Bf2 Qc7 11. Qf3 Nxd4 12. Bxd4 e5 13. Be3 Bg4 14. Qf2 Be6 15.
h3 h5 16. O-O-O Rc8 17. Bd3 b5 18. f5 Bc4 19. Bg5 Nd7 20. g4 hxg4 21. hxg4 Rxh1
22. Rxh1 Bxd3 23. cxd3 Nc5 24. Qg3 Na4 25. Bd2 a5 26. Kb1 b4 27. Nxa4 Qc2+ 28.
Ka2 Qxa4 29. Rc1 Rc2 30. Rxc2 Qxc2 31. Qe3 bxa3 32. Kxa3 d5+ 33. Ka2 d4 34. Qg3
Bd6 35. Be1 a4 36. Qf2 Qb3+ 37. Kb1 Qxd3+ 38. Qc2 Qxc2+ 39. Kxc2 Kd7 40. Kd3
Kc6 41. Kc4 1/2-1/2

[Event "Mistrzostwa Miedzywojewodzkie WP+ZP 2014 - C13"]
[Site "Zerkow"]
[Date "2014.??.??"]
[Round "3.2"]
[White "Raczynski, Krzysztof"]
[Black "Dabrowski, Damian"]
[Result "1-0"]
[WhiteElo "1814"]
[BlackElo "1632"]
[PlyCount "135"]
[EventDate "2014.??.??"]

1. e4 c5 2. Nf3 Nc6 3. d4 cxd4 4. Nxd4 g6 5. Be3 Bg7 6. Nc3 Nf6 7. Bc4 O-O 8.
Bb3 Ng4 9. Qxg4 Nxd4 10. Qd1 Nxb3 11. axb3 b6 12. Bd4 Bb7 13. Bxg7 Kxg7 14.
Qd4+ f6 15. h4 d6 16. O-O-O Qc7 17. g4 Rac8 18. f4 Qc5 19. Qd3 b5 20. f5 b4 21.
Nd5 Bxd5 22. exd5 g5 23. Rd2 h6 24. Re2 Qc7 25. Qe4 Rf7 26. hxg5 hxg5 27. Reh2
Rg8 28. Rh7+ Kf8 29. Rxf7+ Kxf7 30. Rh7+ Ke8 31. Qxb4 Qb6 32. Qxb6 axb6 33. b4
Kd7 34. b3 Ra8 35. Kb2 Rc8 36. Rh1 Rg8 37. Ra1 Rg7 38. Kc3 Rh7 39. Kc4 Rh4 40.
Kb5 Rxg4 41. Ra7+ Ke8 42. c4 Rg3 43. Ra3 Rc3 44. Kxb6 g4 45. c5 dxc5 46. bxc5
g3 47. Ra8+ Kd7 48. Ra7+ Ke8 49. b4 g2 50. Ra1 Rf3 51. Rg1 Rxf5 52. Rxg2 Rxd5
53. Kc6 Rd3 54. b5 e5 55. b6 e4 56. b7 Rb3 57. b8=Q+ Rxb8 58. Rg8+ Ke7 59. Rxb8
f5 60. Rb1 e3 61. Kb7 f4 62. Re1 Kf6 63. c6 Kg5 64. c7 Kg4 65. c8=Q+ Kf3 66.
Qc2 Kg3 67. Rg1+ Kf3 68. Qg2# 1-0

[Event "Mistrzostwa Miedzywojewodzkie WP+ZP 2014 - C13"]
[Site "Zerkow"]
[Date "2014.??.??"]
[Round "3.3"]
[White "Sniezek, Kacper"]
[Black "Niemier, Hubert"]
[Result "1-0"]
[WhiteElo "1389"]
[BlackElo "1509"]
[PlyCount "89"]
[EventDate "2014.??.??"]

1. c4 c6 2. Nc3 d5 3. cxd5 cxd5 4. Nf3 Nc6 5. d4 Nf6 6. Bg5 e6 7. e3 Qb6 8. Bb5
a6 9. Bxc6+ bxc6 10. Qc2 Be7 11. O-O O-O 12. Ne5 Bb7 13. Bxf6 Bxf6 14. Nd7 Qc7
15. Nxf8 Rxf8 16. Na4 e5 17. Rfd1 g6 18. Nc5 Bc8 19. Rac1 Bg7 20. Nb3 Bb7 21.
Qc5 Rc8 22. Re1 e4 23. Na5 Bf8 24. Qc3 Ba8 25. b4 Bd6 26. h3 Qb6 27. a3 Kf8 28.
Rc2 Ke7 29. Rb1 Rc7 30. Qe1 f5 31. Nb3 Kd7 32. Nc5+ Bxc5 33. bxc5 Qa7 34. Rb6
Bb7 35. Rcb2 Kc8 36. Kh1 Kb8 37. Qg1 Ka8 38. Qh2 Rc8 39. Qd6 a5 40. Qe6 Rd8 41.
Rxb7 Qxb7 42. Rxb7 Kxb7 43. Qe7+ Kc8 44. Qxh7 Rd7 45. Qxg6 1-0

[Event "Mistrzostwa Miedzywojewodzkie WP+ZP 2014 - C13"]
[Site "Zerkow"]
[Date "2014.??.??"]
[Round "3.5"]
[White "Mietkiewicz, Jacek"]
[Black "Kaminski, Antoni"]
[Result "1-0"]
[WhiteElo "1501"]
[BlackElo "1323"]
[PlyCount "59"]
[EventDate "2014.??.??"]

1. d4 d5 2. c4 e6 3. Nc3 Nf6 4. Nf3 c5 5. cxd5 Nxd5 6. e4 Nc7 7. Bc4 a6 8. a4
Be7 9. O-O O-O 10. h3 Nd7 11. Bd3 cxd4 12. Nxd4 Nc5 13. Bc2 Bg5 14. e5 Bxc1 15.
Rxc1 Qe7 16. Qh5 g6 17. Qh6 f6 18. Nf3 f5 19. Ne2 Qg7 20. Qxg7+ Kxg7 21. Bd1 b6
22. b4 Nd7 23. Rxc7 h6 24. Nf4 Kf7 25. Bb3 Re8 26. Nxe6 Rxe6 27. Bxe6+ Kxe6 28.
Rc6+ Kd5 29. Rfc1 Bb7 30. Rd6+ 1-0

[Event "Mistrzostwa Miedzywojewodzkie WP+ZP 2014 - C13"]
[Site "Zerkow"]
[Date "2014.??.??"]
[Round "3.6"]
[White "Dixa, Wiktor"]
[Black "Kukorowski, Jan"]
[Result "0-1"]
[WhiteElo "1187"]
[BlackElo "1483"]
[PlyCount "40"]
[EventDate "2014.??.??"]

1. e4 c5 2. Nf3 g6 3. d4 cxd4 4. Nxd4 Bg7 5. Nc3 Nc6 6. Be3 Nf6 7. f3 O-O 8.
Qd2 d5 9. Nxc6 bxc6 10. O-O-O Be6 11. exd5 Nxd5 12. Nxd5 Bxd5 13. Kb1 Rb8 14.
Bd4 Bxd4 15. Qxd4 e5 16. Qd2 Qb6 17. Qc3 e4 18. fxe4 Bxe4 19. Qd4 Rfd8 20.
Qxd8+ Rxd8 0-1

[Event "Mistrzostwa Miedzywojewodzkie WP+ZP 2014 - C13"]
[Site "Zerkow"]
[Date "2014.??.??"]
[Round "3.8"]
[White "Bocian, Bartosz"]
[Black "Rucinski, Jedrzej"]
[Result "1-0"]
[WhiteElo "1400"]
[BlackElo "1396"]
[PlyCount "75"]
[EventDate "2014.??.??"]

1. f4 d5 2. Nf3 Nf6 3. e3 Nc6 4. Bb5 Bd7 5. Bxc6 Bxc6 6. b3 e6 7. Bb2 Bd6 8.
O-O O-O 9. d3 h6 10. Qe1 Re8 11. Ne5 Bxe5 12. Bxe5 Nd7 13. Bb2 e5 14. f5 Qg5
15. h4 Qf6 16. Qg3 Qd6 17. Nd2 Re7 18. Rf2 Kh8 19. Raf1 Rg8 20. h5 Nf6 21. Qh4
b6 22. g4 Nh7 23. Nf3 f6 24. Qg3 Rge8 25. Nh4 Nf8 26. Ng6+ Nxg6 27. hxg6 Rf8
28. Rh2 Kg8 29. Qh3 Bb7 30. Kf2 d4 31. e4 Qc6 32. Kf3 Qd6 33. Rfh1 Rd8 34. Qxh6
gxh6 35. Rxh6 Kg7 36. Rh7+ Kf8 37. Rh8+ Kg7 38. R1h7# 1-0

[Event "Mistrzostwa Miedzywojewodzkie WP+ZP 2014 - C13"]
[Site "Zerkow"]
[Date "2014.??.??"]
[Round "4.1"]
[White "Leskiewicz, Ignacy"]
[Black "Raczynski, Krzysztof"]
[Result "1-0"]
[WhiteElo "1702"]
[BlackElo "1814"]
[PlyCount "57"]
[EventDate "2014.??.??"]

1. e4 d6 2. d4 Nf6 3. Nc3 g6 4. Bg5 Bg7 5. f4 O-O 6. Nf3 c6 7. Bd3 Bg4 8. O-O
d5 9. e5 Ne8 10. h3 Bxf3 11. Rxf3 f5 12. g4 Qd7 13. gxf5 gxf5 14. Rg3 e6 15.
Qh5 Rf7 16. Kh2 Na6 17. a3 Nac7 18. Rag1 b6 19. Qh4 c5 20. dxc5 bxc5 21. Be2
Qc6 22. Bh5 Rd7 23. Be7 Rb8 24. Rxg7+ Nxg7 25. Rxg7+ Kh8 26. Rxh7+ Kxh7 27.
Be8+ Kg7 28. Qg5+ Kh7 29. Qg6+ 1-0

[Event "Mistrzostwa Miedzywojewodzkie WP+ZP 2014 - C13"]
[Site "Zerkow"]
[Date "2014.??.??"]
[Round "4.2"]
[White "Kubiak, Jakub"]
[Black "Sniezek, Kacper"]
[Result "1/2-1/2"]
[WhiteElo "1705"]
[BlackElo "1389"]
[PlyCount "114"]
[EventDate "2014.??.??"]

1. e4 c5 2. Nf3 Nc6 3. d4 cxd4 4. Nxd4 g6 5. Nc3 Bg7 6. Be3 Nf6 7. Nxc6 bxc6 8.
e5 Ng8 9. Bd4 Qc7 10. f4 c5 11. Be3 f6 12. Nd5 Qc6 13. Bb5 Qb7 14. e6 f5 15.
Rb1 Nf6 16. Nxf6+ Bxf6 17. exd7+ Bxd7 18. Bxd7+ Qxd7 19. Qxd7+ Kxd7 20. Bxc5
Rhc8 21. b4 Bc3+ 22. Ke2 a5 23. Rhd1+ Ke8 24. a3 axb4 25. axb4 Ra2 26. Kd3 Ra3
27. Kc4 Bf6 28. Rb3 Ra2 29. Rd2 h6 30. b5 Ra4+ 31. Rb4 Ra3 32. Rd3 Ra2 33. c3
Ra5 34. Rd5 e6 35. Rd6 Be7 36. Rxe6 Rxc5+ 37. Kd4 Rcxb5 38. Rxb5 Rxb5 39. Rxg6
Bf8 40. c4 Rb7 41. Ke5 Rc7 42. Kxf5 Rxc4 43. Re6+ Kf7 44. Re2 Rc5+ 45. Kg4 Kg6
46. Re6+ Kf7 47. Re3 Kg6 48. Kf3 Bg7 49. g4 Rc3 50. Rxc3 Bxc3 51. Ke4 Bf6 52.
Kf3 Be7 53. Kg3 Bf6 54. h4 Be7 55. h5+ Kf6 56. Kf3 Ke6 57. g5 hxg5 1/2-1/2

[Event "Mistrzostwa Miedzywojewodzkie WP+ZP 2014 - C13"]
[Site "Zerkow"]
[Date "2014.??.??"]
[Round "4.3"]
[White "Kukorowski, Jan"]
[Black "Mietkiewicz, Jacek"]
[Result "1/2-1/2"]
[WhiteElo "1483"]
[BlackElo "1501"]
[PlyCount "110"]
[EventDate "2014.??.??"]

1. e4 c5 2. Nc3 e6 3. f4 Nc6 4. Nf3 d5 5. Bb5 a6 6. Bxc6+ bxc6 7. d3 Nf6 8. O-O
Be7 9. e5 Nd7 10. Na4 O-O 11. c4 a5 12. b3 Ba6 13. Ba3 Qc7 14. Rc1 Rac8 15. Qe1
Kh8 16. Qf2 Qa7 17. Rfd1 Rfe8 18. Rc2 Bb5 19. Nc3 Ba6 20. Na4 Bb5 21. Nc3 Ba6
22. Na4 Kg8 23. Rdc1 h6 24. Ne1 d4 25. Nf3 Nf8 26. Nd2 Rcd8 27. Ne4 Nd7 28. Rf1
Rf8 29. Kh1 Rde8 30. Qe2 Nb6 31. Bxc5 Bxc5 32. Naxc5 Nd7 33. Nxd7 Qxd7 34. Nc5
Qa7 35. Nxa6 Qxa6 36. Rcc1 c5 37. Rce1 Qc6 38. Rf3 Kh8 39. Ref1 Qc7 40. Qe4 Qb8
41. h3 Qa8 42. Qxa8 Rxa8 43. f5 Kg8 44. fxe6 fxe6 45. Rxf8+ Rxf8 46. Rxf8+ Kxf8
47. g4 Kf7 48. Kg2 Kg6 49. Kf3 h5 50. Kf4 hxg4 51. Kxg4 Kh6 52. h4 Kg6 53. h5+
Kh6 54. Kh4 g6 55. hxg6 Kxg6 1/2-1/2

[Event "Mistrzostwa Miedzywojewodzkie WP+ZP 2014 - C13"]
[Site "Zerkow"]
[Date "2014.??.??"]
[Round "4.4"]
[White "Niemier, Hubert"]
[Black "Pijewski, Milosz"]
[Result "1-0"]
[WhiteElo "1509"]
[BlackElo "1528"]
[PlyCount "201"]
[EventDate "2014.??.??"]

1. d4 Nf6 2. c4 e6 3. Nc3 Bb4 4. a3 Bxc3+ 5. bxc3 O-O 6. Qc2 d6 7. Nf3 b6 8. g3
Bb7 9. Bg2 Nbd7 10. O-O c5 11. Re1 Rc8 12. Qb3 Qc7 13. Nd2 Bxg2 14. Kxg2 d5 15.
cxd5 exd5 16. Nf3 cxd4 17. cxd4 Qc2 18. Qxc2 Rxc2 19. Bf4 Re8 20. Kf1 Ne4 21.
Rec1 Rec8 22. Rxc2 Rxc2 23. Ne1 Rc4 24. f3 Nef6 25. Rc1 Rxc1 26. Bxc1 Kf8 27.
Kf2 Ke7 28. Ke3 Kd6 29. Kd3 Kc6 30. Kc3 a5 31. Nd3 Ne8 32. e4 Nd6 33. Nf2 Nf6
34. e5 Nb5+ 35. Kd3 Ne8 36. Nd1 Nbc7 37. f4 Ne6 38. Bb2 g6 39. Ne3 N8g7 40. g4
Nc7 41. f5 gxf5 42. gxf5 Kd7 43. f6 Nge6 44. Nf5 Nd8 45. Nd6 Ne8 46. Nf5 Nc7
47. Ke3 Ke8 48. Nd6+ Kf8 49. Nc8 Na8 50. Ne7 Nc7 51. Kd3 Ke8 52. Nc8 Na8 53.
Nd6+ Kf8 54. a4 Nc7 55. Ba3 Kg8 56. Nc8 b5 57. axb5 Nxb5 58. Ne7+ Kh8 59. Bc5
Nc7 60. Bb6 Nde6 61. Bxa5 h5 62. Bxc7 Nxc7 63. h4 Kh7 64. Ke3 Kh6 65. Kd3 Kh7
66. Kc3 Nb5+ 67. Kd3 Nc7 68. Ke3 Kh6 69. Nf5+ Kh7 70. Ng7 Kg6 71. Kf4 Nb5 72.
Nf5 Nc7 73. Ne7+ Kh6 74. Kf5 Ne6 75. Nxd5 Nxd4+ 76. Ke4 Ne6 77. Nf4 Nf8 78. Kf5
Kh7 79. Kg5 Nd7 80. Nd3 Nf8 81. Kxh5 Ne6 82. Kg4 Kh6 83. Nf4 Nd4 84. h5 Nc6 85.
Kf5 Nd4+ 86. Ke4 Nc6 87. Kd5 Nd8 88. e6 fxe6+ 89. Nxe6 Nf7 90. Nf4 Kh7 91. Ke6
Kg8 92. Ke7 Nh6 93. Nd5 Nf5+ 94. Ke6 Nh6 95. Ne7+ Kh7 96. Nf5 Nxf5 97. Kxf5 Kg8
98. Kg6 Kf8 99. f7 Ke7 100. Kg7 Kd6 101. f8=Q+ 1-0

[Event "Mistrzostwa Miedzywojewodzkie WP+ZP 2014 - C13"]
[Site "Zerkow"]
[Date "2014.??.??"]
[Round "4.5"]
[White "Dabrowski, Damian"]
[Black "Bocian, Bartosz"]
[Result "0-1"]
[WhiteElo "1632"]
[BlackElo "1400"]
[PlyCount "88"]
[EventDate "2014.??.??"]

1. f4 e5 2. fxe5 d6 3. exd6 Bxd6 4. Nf3 Bg4 5. g3 Nc6 6. Bg2 Nf6 7. O-O h5 8.
d4 Ne4 9. Nbd2 Nxd2 10. Qxd2 h4 11. Nxh4 Rxh4 12. gxh4 Qxh4 13. Bxc6+ bxc6 14.
Rf2 f6 15. Qd3 g5 16. Qg6+ Kd7 17. Qf7+ Kc8 18. Qxf6 Kb7 19. Qxg5 Bxh2+ 20. Kf1
Qh3+ 21. Ke1 Bg3 22. Qe3 Rf8 23. Qb3+ Ka8 24. Be3 Bxf2+ 25. Bxf2 Qh1+ 26. Kd2
Qxa1 27. Qc3 Rf6 28. d5 Rd6 29. Qa3 Rxd5+ 30. Kc3 c5 31. Bxc5 Qe1+ 32. Kb3 Qg3+
33. c3 Rxc5 34. Qxc5 Be6+ 35. Ka4 Qg4+ 36. b4 Qxe2 37. Qc6+ Kb8 38. a3 Qd1+ 39.
Ka5 Bd7 40. a4 Bxc6 41. b5 Qd5 (41... Qb3) 42. c4 Qxc4 43. bxc6 Qc5+ 44. Ka6
Qb6# 0-1

[Event "Mistrzostwa Miedzywojewodzkie WP+ZP 2014 - C13"]
[Site "Zerkow"]
[Date "2014.??.??"]
[Round "4.6"]
[White "Walkowski, Jonasz"]
[Black "Dixa, Wiktor"]
[Result "1-0"]
[WhiteElo "1425"]
[BlackElo "1187"]
[PlyCount "57"]
[EventDate "2014.??.??"]

1. Nf3 c5 2. g3 d6 3. Bg2 Nf6 4. O-O Nc6 5. d4 cxd4 6. Nxd4 Qc7 7. Nc3 e6 8.
Re1 Be7 9. e4 O-O 10. Ndb5 Qd7 11. Nd4 Rb8 12. Be3 b6 13. Nxc6 Qxc6 14. e5 Nd5
15. Nxd5 exd5 16. Bxd5 Qd7 17. exd6 Bxd6 18. Bb3 Bb7 19. Bd5 Bxd5 20. Qxd5 Rfd8
21. Rad1 Rbc8 22. Bf4 Rc6 23. b4 a6 24. c4 b5 25. c5 h6 26. cxd6 Rc2 27. Re7
Qc8 28. Qxf7+ Kh8 29. Qxg7# 1-0

[Event "Mistrzostwa Miedzywojewodzkie WP+ZP 2014 - C13"]
[Site "Zerkow"]
[Date "2014.??.??"]
[Round "5.1"]
[White "Sniezek, Kacper"]
[Black "Leskiewicz, Ignacy"]
[Result "0-1"]
[WhiteElo "1389"]
[BlackElo "1702"]
[PlyCount "109"]
[EventDate "2014.??.??"]

1. c4 e5 2. Nc3 d6 3. g3 f5 4. Bg2 Nf6 5. Nf3 c6 6. O-O Be6 7. d3 h6 8. a3 g6
9. b4 Bg7 10. Qc2 Nbd7 11. b5 Qc7 12. a4 O-O 13. a5 d5 14. Qb3 Rab8 15. Ba3
Rfc8 16. c5 Bf7 17. b6 axb6 18. cxb6 Qd8 19. Na4 Bf8 20. Rfc1 Ra8 21. Bb4 Bxb4
22. Qxb4 Qf8 23. Qxf8+ Kxf8 24. Nc5 Nxc5 25. Rxc5 Nd7 26. Rcc1 Ra6 27. Ra3 e4
28. dxe4 fxe4 29. Nd4 Nxb6 30. Rb1 Nc4 31. Raa1 Rxa5 32. Rxa5 Nxa5 33. Bh3 Rc7
34. Kf1 Ke7 35. Ra1 b6 36. Rb1 Rb7 37. Bc8 Rb8 38. Bh3 Kd6 39. Ke1 Be8 40. e3
c5 41. Nc2 b5 42. Bf1 b4 43. Kd2 Ba4 44. Rb2 Bxc2 45. Kxc2 c4 46. Be2 Kc5 47.
Rb1 Ra8 48. Ra1 Ra7 49. Bd1 Nc6 50. Rxa7 Nxa7 51. h4 b3+ 52. Kb2 Kb4 53. Be2
c3+ 54. Kb1 Nb5 55. Bxb5 0-1